| 000 | 00857cam a22001814a 4500 | ||
|---|---|---|---|
| 005 | 20250605164344.0 | ||
| 008 | 250528s ||||||||||||||||||||||||d | ||
| 035 | _a23761 | ||
| 040 |
_aGR-AtMCL _bgre _dGR-AtMCL _eAACR2 |
||
| 245 | 1 | _aShipping Insurance Policies for Mariners./Protection and Indemnity Management. | |
| 260 | _c2013 | ||
| 300 | _a34 | ||
| 520 | _aIntroduction, Overview of the Protection and Indemnity Insurance in Shipping, Protection and Indemnity Keys, Historical Review of the Main Directives Upon Marine Pollution and Policies, IMO's Liability and Compenssation Conventions, Protection and Indemnity Towards 'Green', Perspectives, Further on Pro Acting Reacting and Acting in Protection and Indemnity Clubs, Conclusion, References. | ||
| 700 | 1 |
_aKlisaris Chrisanthy _99298 |
|
| 942 | _cDS | ||
| 999 |
_c8701 _d8701 |
||